000 00545nam a2200217Ia 4500
003 OSt
005 20220928144522.0
006 a|||||r|||| 00| 0
007 ta
008 220927b |||||||| |||| 00| 0 eng d
024 _a71265
037 _cTextual
040 _aSDCL
_cSDCL
_beng
041 _2eng
_aeng
082 _aX0gY, N7
100 _aAckerman Frank Ed.
_9507943
245 0 _aHuman well-being and economic goals.
260 _c1997
942 _hX0gY, N7
_cTEXL
_2CC
999 _c827465
_d827465